[Event "ch-VIE w 2013"]
[Site "Ho Chi Minh City VIE"]
[Date "2013.11.25"]
[Round "9.7"]
[White "Chau Thi Ngoc Giao"]
[Black "Le Thi Ha"]
[Result "1/2-1/2"]
[WhiteElo "2167"]
[BlackElo "1961"]

1.d4 Nf6 2.c4 e6 3.Nc3 Bb4 4.Qc2 O-O 5.Nf3 b6 6.Bg5 Bb7 7.e3 h6 8.Bh4 Be4
9.Bd3 Bxd3 10.Qxd3 Bxc3+ 11.bxc3 d6 12.e4 Qe8 13.O-O Nbd7 14.Rad1 e5 15.Rfe1 g5
16.Bg3 Nh5 17.Qe2 Nxg3 18.hxg3 f6 19.Nh2 Rf7 20.Ng4 Rh7 21.Ne3 Qf7 22.Nf5 h5
23.f3 Re8 24.Kf2 Nf8 25.c5 dxc5 26.dxc5 Qe6 27.Rd5 Rd7 28.Ne3 Red8 29.Red1 c6
30.Rxd7 Rxd7 31.Rxd7 Nxd7 32.cxb6 axb6 33.Qa6 Qd6 34.Qc8+ Kf7 35.Kg1 Nf8
36.Nf5 Qd7 37.Qb8 b5 38.Kh2 g4 39.Nh6+ Kg7 40.Nf5+ Kf7 41.Nh6+ Kg7 42.Nf5+ Kf7
43.Nd6+ Kg8 44.f4 exf4 45.gxf4 h4 46.Nf5 h3 47.gxh3 gxh3 48.Kxh3 Qd3+ 49.Kg4 Qe2+
50.Kg3 Qxe4 51.Qc8 Qe1+ 52.Kg4 Qe2+ 53.Kg3 Qe1+ 54.Kg4 Qe2+ 55.Kg3 Qe1+ 56.Kg4 Qe2+
57.Kg3 Qe1+ 58.Kg4  1/2-1/2

[Event "Pushchino Autumn 2013"]
[Site "Pushchino RUS"]
[Date "2013.11.26"]
[Round "3.4"]
[White "Baraeva,M"]
[Black "Charochkina,D"]
[Result "0-1"]
[WhiteElo "2136"]
[BlackElo "2337"]

1.d4 Nf6 2.c4 e6 3.Nc3 Bb4 4.Qc2 O-O 5.e4 d5 6.e5 Ne4 7.Bd3 c5 8.Ne2 cxd4
9.Nxd4 Nd7 10.Bf4 Ndc5 11.O-O Bxc3 12.bxc3 Bd7 13.f3 Nxd3 14.Qxd3 Nc5 15.Qe2 dxc4
16.Qxc4 Rc8 17.Rac1 Qa5 18.Qe2 Na4 19.Bd2 Qd5 20.Rc2 b5 21.Nb3 Rc4 22.Rd1 Qa8
23.Na5 Rc7 24.Rdc1 Nb6 25.c4 bxc4 26.Bb4 Re8 27.Bd6 Rcc8 28.Nxc4 Rxc4 29.Rxc4 Bb5
30.Qe4 Bxc4 31.Rxc4 Nxc4 32.Qxc4 Rc8 33.Qb3 Qc6 34.h4 Qc1+ 35.Kh2 Qf4+ 36.Kh3 Qh6
37.Qd3 Rc1 38.g3 Rh1+ 39.Kg2 Qc1 40.f4 Qc6+ 41.Kf2 Rh2+ 42.Ke3 Rg2  0-1

[Event "St Louis Classic GM 2013"]
[Site "Saint Louis USA"]
[Date "2013.11.26"]
[Round "4.4"]
[White "Sarkar,J"]
[Black "Kleiman,J"]
[Result "1-0"]
[WhiteElo "2432"]
[BlackElo "2362"]

1.d4 Nf6 2.c4 e6 3.Nc3 Bb4 4.Qc2 O-O 5.a3 Bxc3+ 6.Qxc3 d5 7.Nf3 dxc4 8.Qxc4 b6
9.Bf4 Ba6 10.Qxc7 Qd5 11.Qd6 Qb3 12.Qb4 Qd5 13.Qd6 Qb3 14.Qb4 Qd5 15.Bxb8 Raxb8
16.Ne5 Qb7 17.f3 Nd5 18.Qb3 f6 19.e4 Bxf1 20.Rxf1 Nf4 21.Nd3 Nxg2+ 22.Kf2 Nh4
23.Qxe6+ Kh8 24.Rac1 f5 25.Kg3 Rbe8 26.Qd6 Rd8 27.Rc7 Rxd6 28.Rxb7 Rxd4 29.Nf4 Rg8
30.Ne6 Rd6 31.Ng5  1-0

[Event "2nd Hyderabad GM Open 2013"]
[Site "Hyderabad IND"]
[Date "2013.11.29"]
[Round "6.4"]
[White "Gagunashvili,M"]
[Black "Vidit,S"]
[Result "1/2-1/2"]
[WhiteElo "2556"]
[BlackElo "2582"]

1.d4 Nf6 2.c4 e6 3.Nc3 Bb4 4.Qc2 O-O 5.a3 Bxc3+ 6.Qxc3 d6 7.f3 d5 8.Bg5 c5
9.cxd5 cxd4 10.Qxd4 Nc6 11.Qh4 exd5 12.e3 Qb6 13.Rd1 Qxb2 14.Bxf6 gxf6 15.Bd3 f5
16.Ne2 Qxa3 17.Qg5+ Kh8 18.Qf6+ Kg8 19.Qg5+ Kh8 20.Qf6+ Kg8 21.Qg5+ Kh8  1/2-1/2

[Event "2nd Hyderabad GM Open 2013"]
[Site "Hyderabad IND"]
[Date "2013.11.29"]
[Round "6.5"]
[White "Lalith,B"]
[Black "Deepan,C"]
[Result "1/2-1/2"]
[WhiteElo "2570"]
[BlackElo "2471"]

1.d4 Nf6 2.c4 e6 3.Nc3 Bb4 4.Qc2 O-O 5.Nf3 d5 6.Bg5 h6 7.Bxf6 Qxf6 8.a3 Bxc3+
9.Qxc3 c6 10.e3 Nd7 11.Be2 dxc4 12.Bxc4 c5 13.O-O cxd4 14.exd4 Nb6 15.Bb5 a6
16.Bd3 Nd5 17.Qb3 Rd8 18.Be4 Bd7 19.Bxd5 exd5 20.Ne5 Bb5 21.Rfc1 Qd6 22.a4 Be8
23.Qc3 a5 24.b3 f6 25.Ng4 Bd7 26.Ne3 Rdc8 27.Qd3 b6 28.h3 Be6 29.Re1 Rc6
30.Nf5 Qd7 31.Ng3 Rac8 32.Re3 Rc1+ 33.Rxc1 Rxc1+ 34.Kh2 Qd6 35.f4 Rc6 36.Rf3 Qd7
37.f5 Bf7 38.Ne2 Bh5 39.g4 Bf7 40.Kg3 Rc8 41.Re3 Qc7+ 42.Kg2 Re8 43.Rxe8+ Bxe8
44.Qe3 Kf8 45.Nf4 Bf7 46.h4 Qc2+ 47.Kg3 Qc7 48.h5 Qc2 49.Ng6+ Bxg6 50.fxg6 Qd1
51.Qc3 Qg1+ 52.Kh3 Qh1+ 53.Kg3 Qg1+ 54.Kh3 Qh1+ 55.Kg3  1/2-1/2

[Event "5th Pilsen Open 2013"]
[Site "Plzen CZE"]
[Date "2013.11.30"]
[Round "7"]
[White "Ernst,M"]
[Black "Jurek,J"]
[Result "0-1"]
[WhiteElo "2164"]
[BlackElo "2277"]

1.d4 e6 2.c4 Nf6 3.Nc3 Bb4 4.Qc2 O-O 5.a3 Bxc3+ 6.Qxc3 d6 7.Bg5 Nbd7 8.e3 h6
9.Bh4 b6 10.Bd3 Bb7 11.f3 c5 12.Ne2 Rc8 13.O-O Ba6 14.Qb3 d5 15.Qa4 cxd4
16.Bxf6 gxf6 17.exd4 Bxc4 18.Bxc4 Rxc4 19.Qxa7 Rc2 20.Nc3 f5 21.Rf2 Rxf2
22.Kxf2 Qh4+ 23.Ke3 Ne5 24.dxe5 d4+ 25.Ke2 dxc3 26.Qxb6 Qc4+ 27.Kf2 c2 28.Rc1 Rc8
29.Qe3 f4 30.Qe4 Qc5+ 31.Ke2 Qb5+ 32.Kd2 Rc4 33.Qd3 Qc5 34.Rxc2 Rxc2+ 35.Qxc2 Qe3+
36.Kd1 Qg1+ 37.Kd2 Qe3+ 38.Kd1 Qg1+ 39.Kd2 Qxg2+ 40.Kc1 Qxf3 41.a4 Qe3+ 42.Qd2 Qxe5
43.a5 f3 44.a6 Qc5+ 45.Kb1 f2 46.Qd3 Qf5  0-1

[Event "14th Puhajarve Rapid"]
[Site "Puhajarve EST"]
[Date "2013.11.30"]
[Round "12.1"]
[White "Siemer,T"]
[Black "Karpov,Ana"]
[Result "0-1"]
[WhiteElo "2046"]
[BlackElo "2619"]

1.d4 Nf6 2.c4 e6 3.Nc3 Bb4 4.Qc2 O-O 5.Nf3 c5 6.e3 b6 7.Be2 Bb7 8.O-O cxd4
9.exd4 d5 10.cxd5 Nxd5 11.Nxd5 Bxd5 12.Ng5 g6 13.Ne4 Nc6 14.Be3 Rc8 15.Nc3 Ne7
16.Qa4 Bxc3 17.bxc3 Nf5 18.c4 Bc6 19.Qa3 Nxd4 20.Bxd4 Qxd4 21.Qxa7 Be4 22.Qa3 Ra8
23.Qb3 Ra5 24.Rfd1 Qc5 25.a4 Rfa8 26.Bd3 Bc6 27.Rdb1 R8a6 28.Qb4 Bxa4 29.Qxc5 bxc5
30.f3 Kg7 31.Kf2 Be8 32.Rxa5 Rxa5 33.Rb2 Kf6 34.Ke3 Ke7 35.f4 Bc6 36.g3 Ra3
37.Kd2 Kd6 38.Ke3 f5 39.Rb6 Kc7 40.Rb2 Be4  0-1

[Event "TCh-CZE Extraliga 2013-14"]
[Site "Litovel CZE"]
[Date "2013.12.01"]
[Round "4.4"]
[White "Krejci,Jan1"]
[Black "Yemelin,V"]
[Result "1/2-1/2"]
[WhiteElo "2153"]
[BlackElo "2558"]

1.d4 Nf6 2.c4 e6 3.Nc3 Bb4 4.Qc2 O-O 5.e4 d6 6.e5 dxe5 7.dxe5 Ng4 8.Nf3 Nc6
9.Bf4 Nd4 10.Qd3 Bc5 11.Ne4 Bb4+ 12.Nfd2 f5 13.Nc3 g5 14.f3 gxf4 15.fxg4 Nc6
16.Qh3 Qd4 17.O-O-O Bxc3 18.bxc3 Qxe5 19.gxf5 exf5 20.Kc2 Be6 21.Nf3 Qf6
22.Bd3 Rad8 23.g3 Ne5 24.Nxe5 Qxe5 25.Rhe1 Qf6 26.gxf4 Kh8 27.Re5 Bd7 28.Kc1 Rde8
29.Rde1 Rxe5 30.Rxe5 Rf7 31.c5 b6 32.Qe3 h6 33.Bc4 Rg7 34.Qd4 Kh7 35.Bd3 Qg6
36.Kb2 Rf7 37.h4 Qg2+ 38.Re2 Qc6 39.Re5 Qg2+ 40.Ka3 Qh1 41.Qd5 Qxd5 42.Rxd5 Kg6
43.Be2 Re7 44.h5+ Kf6 45.cxb6 axb6 46.Bd3 Be6 47.Rd8 Bf7 48.Rf8 Kg7 49.Rc8 Kf6
50.Rf8 Kg7 51.Rc8 Re3 52.Bxf5 Rxc3+ 53.Kb2 Rc4 54.Bd3 Rd4 55.Bc2 Rd7 56.Bf5 Rd2+
57.Kc3 Rd5 58.Bg4 Rc5+ 59.Kb2 Rb5+ 60.Kc3 Rc5+ 61.Kb2 Rc4 62.Bd1 c5 63.Rc6 Rxf4
64.Rxb6 Rf2+ 65.Kc3 Rxa2 66.Rb5 c4 67.Rc5 Ra3+ 68.Kb4 Re3 69.Rc6 Re5 70.Bg4 Re4
71.Bf5 Re3 72.Bg6 Rb3+ 73.Kc5 Bg8 74.Kd4 Rb5 75.Kc3 Rb3+ 76.Kd4 Rb5 77.Kc3 Re5
78.Kd4 Re1 79.Bf5 Bf7 80.Bg6 Bg8 81.Bf5 Bf7 82.Bg6 Be6 83.Rc7+ Kf6 84.Rh7 Kg5
85.Re7 Rd1+ 86.Kc3 Kf6 87.Rh7 Kg5 88.Re7 Kf6 89.Rh7 Kg5  1/2-1/2

[Event "Pushchino Autumn 2013"]
[Site "Pushchino RUS"]
[Date "2013.12.02"]
[Round "9.2"]
[White "Romanko,M"]
[Black "Tarasova,Viktoriy"]
[Result "1-0"]
[WhiteElo "2399"]
[BlackElo "2286"]

1.d4 Nf6 2.c4 e6 3.Nc3 Bb4 4.Qc2 O-O 5.a3 Bxc3+ 6.Qxc3 b6 7.Bg5 Bb7 8.e3 d6
9.Nf3 Nbd7 10.Nd2 Rc8 11.b4 c5 12.dxc5 bxc5 13.b5 h6 14.Bh4 d5 15.f3 Qe7
16.Be2 Rfe8 17.Bf2 Nb6 18.O-O e5 19.cxd5 Nbxd5 20.Qb3 e4 21.Nc4 exf3 22.Bxf3 Ba8
23.Bg3 Rcd8 24.Ne5 Nb6 25.Nc6 Bxc6 26.bxc6 c4 27.Qb4 Ne4 28.c7 Rc8 29.Qxe7 Rxe7
30.Bxe4 Rxe4 31.Rfd1 Ree8 32.Rac1 Rxe3 33.a4 Ree8 34.a5 Na4 35.Rd4 Nc5 36.Rcxc4 Ne6
37.Rd7 Nf8 38.Rd6 Re6 39.Rd8 Re8 40.Rxe8  1-0

[Event "63rd ch-HUN 2013"]
[Site "Gyula HUN"]
[Date "2013.12.05"]
[Round "3.4"]
[White "Medvegy,Z"]
[Black "Horvath,Ad1"]
[Result "1/2-1/2"]
[WhiteElo "2537"]
[BlackElo "2531"]

1.d4 Nf6 2.c4 e6 3.Nc3 Bb4 4.Qc2 O-O 5.Nf3 d6 6.Bd2 Nbd7 7.a3 Bxc3 8.Bxc3 Qe7
9.e3 e5 10.dxe5 dxe5 11.Be2 e4 12.Nd2 b6 13.b4 c5 14.Qb2 Re8 15.Nb3 Ba6 16.O-O Rac8
17.bxc5 bxc5 18.Na5 Qe6 19.Rad1 Rb8 20.Qa1 Rb6 21.Rd2 Ne5 22.Bxe5 Qxe5 23.Qxe5 Rxe5
24.Rfd1 Kf8 25.Rd8+ Re8 26.h3 Ke7 27.R8d2 Bc8 28.g4 g5 29.f4 h6 30.Ra1 Bd7
31.Bd1 Reb8 32.Kf2 Rb2 33.Ra2 Rb1 34.Bc2 Rh1 35.Kg2 Rc1 36.Rd1 Rxd1 37.Bxd1 Rb6
38.Kf2 Be6 39.a4 Ne8 40.Ra3 Nd6 41.Be2 Rb2 42.Ke1 Bd7 43.Nb3 Nb7 44.a5 a6
45.Nd2 Bc6 46.Bd1 Rb4 47.Bb3 gxf4 48.exf4 e3 49.Nf1 Nxa5 50.Rxa5 Rxb3 51.Ke2 Rb2+
52.Kxe3 Rb3+ 53.Kd2 Rxh3 54.Rxa6 Be4 55.Ne3 h5 56.Ra7+ Ke6 57.Ra6+ Ke7 58.Ra7+ Ke6
59.Ra6+ Ke7 60.Ra7+ Kf8 61.gxh5 Rxh5 62.Rc7 Kg7 63.Ke2 Kf6 64.Kf2 Ke6 65.Kg3 Bd3
66.Rc6+ Kd7 67.Rf6 Ke7 68.Rc6 Kd7 69.Rf6 Ke7 70.Rb6 Kd7 71.Rb7+ Ke6 72.Rc7 f6
73.Rc6+ Kf7 74.Kg4 Be2+ 75.Kg3 Bd3 76.Rd6 Be4 77.Ng4 f5 78.Nf6 Ke7 79.Ra6 Rh1
80.Nxe4 fxe4 81.Rc6 Rc1 82.Rxc5 Kf6 83.Rc6+ Kf5 84.Rc5+ Kf6 85.Kf2 Rc3 86.Ke2 Rf3
87.Rc8 Ke7 88.Rc5 Rxf4 89.Ke3 Rh4 90.Rd5 Ke6 91.Rd8 Ke5 92.Re8+ Kd6 93.Rxe4 Rxe4+
94.Kxe4 Kc5 95.Kd3 Kc6 96.Kd4 Kd6 97.c5+ Kc6 98.Kc4 Kc7 99.Kd5 Kd7 100.c6+ Kc7
101.Kc5 Kc8 102.Kb6 Kb8 103.c7+ Kc8 104.Kc6  1/2-1/2

[Event "TCh-NED Meesterklasse 2013-14"]
[Site "Netherland NED"]
[Date "2013.12.07"]
[Round "3.3"]
[White "Riemersma,L"]
[Black "Lobzhanidze,D"]
[Result "1/2-1/2"]
[WhiteElo "2437"]
[BlackElo "2453"]

1.d4 Nf6 2.c4 e6 3.Nc3 Bb4 4.Qc2 O-O 5.a3 Bxc3+ 6.Qxc3 b6 7.Bg5 Bb7 8.e3 d6
9.Ne2 Nbd7 10.Qc2 c5 11.Rd1 cxd4 12.Nxd4 a6 13.f3 Rc8 14.Qb1 h6 15.Bh4 Ne5
16.b3 b5 17.cxb5 Qa5+ 18.Kf2 Nd5 19.Qb2 Nc3 20.Rc1 Nxb5 21.Be2 Nxd4 22.Qxd4 Qxa3
23.Be7 Rxc1 24.Rxc1 Qxc1 25.Bxf8 Kxf8 26.Qxd6+ Kg8 27.Qxe5 Qc6 28.Bc4 g6
29.h4 h5 30.Qd4 Kf8 31.Qd8+ Kg7 32.Qd4+ Kf8 33.e4 Ke7 34.e5 Ke8 35.Ke3 Qc7
36.Bd3 Ke7 37.b4 Ke8 38.Kd2 Qc6 39.Be2 Qc7 40.g4 Qe7 41.gxh5 gxh5 42.Qb6 Qd7+
43.Kc3 Qd5 44.Qa5 Qc6+ 45.Qc5 Qa4 46.Qa5 Qc6+ 47.Qc5 Qa4 48.b5 Qxh4 49.Qc7 Qe1+
50.Kd3 Qb1+ 51.Kd2 Qb4+ 52.Ke3 Bd5 53.bxa6 h4 54.a7 Qa3+ 55.Kf4 h3 56.Kg3 h2
57.Kxh2 Qa2 58.Qc8+ Ke7 59.Qc5+ Ke8 60.Qf2  1/2-1/2

[Event "TCh-SVK Ext 2013-14"]
[Site "Slovakia SVK"]
[Date "2013.12.07"]
[Round "3.3"]
[White "Psota,Roman"]
[Black "Lisko,F"]
[Result "0-1"]
[WhiteElo "2023"]
[BlackElo "2233"]

1.d4 Nf6 2.c4 e6 3.Nc3 Bb4 4.Qc2 O-O 5.e4 d5 6.e5 Ne4 7.Nf3 c5 8.Be3 Qa5
9.Rc1 Nxc3 10.bxc3 Ba3 11.Rb1 cxd4 12.Bxd4 Nc6 13.Bd3 Nxd4 14.Bxh7+ Kh8 15.Nxd4 dxc4
16.Rb5 Qc7 17.Qe4 g6 18.Bxg6 fxg6 19.Qxg6 Qh7 20.Qxh7+ Kxh7 21.f3 b6 22.Ke2 Bd7
23.Rbb1 Rac8 24.Rhd1 Ba4 25.Rd2 Rc5 26.f4 Rxf4 27.Nf3 Bc6 28.Ke3 Rf5 29.Rbd1 Bxf3
30.gxf3 Rcxe5+ 31.Kf2 Bc5+  0-1

[Event "TCh-SVK Ext 2013-14"]
[Site "Slovakia SVK"]
[Date "2013.12.07"]
[Round "3.2"]
[White "Stohl,I"]
[Black "Zatko,G"]
[Result "1-0"]
[WhiteElo "2528"]
[BlackElo "2188"]

1.d4 Nf6 2.c4 e6 3.Nc3 Bb4 4.Qc2 O-O 5.Bg5 h6 6.Bh4 c5 7.e3 Nc6 8.dxc5 Bxc5
9.Nf3 b6 10.Be2 Be7 11.O-O Bb7 12.Rad1 d6 13.Rd2 Ne8 14.Bg3 Rc8 15.e4 Qc7
16.Rfd1 a6 17.e5 Rd8 18.exd6 Bxd6 19.Bh4 Nf6 20.a3 Ne5 21.Nxe5 Bxe5 22.Bg3 Bxg3
23.hxg3 Bc6 24.b4 a5 25.b5 Bb7 26.Na4 Ne4 27.Rxd8 Rxd8 28.Rxd8+ Qxd8 29.Qd3 Qf6
30.Qe3 Qa1+ 31.Kh2 Qe1 32.Bf3 Qxe3 33.fxe3  1-0

[Event "6th Kolkata Open"]
[Site "Kolkata IND"]
[Date "2013.12.10"]
[Round "6.12"]
[White "Mirzoev,A"]
[Black "Visakh,NR"]
[Result "1/2-1/2"]
[WhiteElo "2518"]
[BlackElo "2303"]

1.d4 Nf6 2.c4 e6 3.Nc3 Bb4 4.Qc2 O-O 5.a3 Bxc3+ 6.Qxc3 b6 7.Bg5 Bb7 8.e3 d6
9.f3 Nbd7 10.Nh3 h6 11.Bh4 Qe7 12.Nf2 e5 13.d5 Rfe8 14.Qc2 c6 15.dxc6 Bxc6
16.Be2 Qe6 17.O-O Nf8 18.Rfd1 Rad8 19.h3 Ng6 20.Bg3 e4 21.f4 Ne7 22.Ng4 Nf5
23.Nxf6+ Qxf6 24.Bf2 Re6 25.Kh2 d5 26.cxd5 Bxd5 27.Rac1 Rc6 28.Qd2 Rcd6 29.Qc3 Qxc3
30.Rxc3 Be6 31.Rxd6 Rxd6 32.Be1 Ne7 33.Rc2 Nf5 34.Rd2 Rxd2 35.Bxd2 Nd6 36.Bc3 Nf5
37.Bd2 Nd6  1/2-1/2

[Event "5th Penang Open 2013"]
[Site "George Town MAS"]
[Date "2013.12.11"]
[Round "5.17"]
[White "Chan,Marc"]
[Black "Fisabilillah,Ummi"]
[Result "1-0"]
[WhiteElo "2227"]
[BlackElo "1832"]

1.d4 Nf6 2.c4 e6 3.Nc3 Bb4 4.Qc2 O-O 5.a3 Bxc3+ 6.Qxc3 b6 7.Bg5 Bb7 8.e3 d6
9.Ne2 Nbd7 10.Qd3 Be4 11.Qd2 e5 12.Nc3 Bb7 13.f3 Re8 14.Be2 Qe7 15.e4 h6
16.Be3 Nf8 17.d5 Ng6 18.g4 Nh7 19.O-O-O a6 20.Kb1 Reb8 21.Rdg1 Bc8 22.h4 Bd7
23.h5 Nf4 24.Bxf4 exf4 25.Qxf4 b5 26.cxb5 Bxb5 27.Bxb5 axb5 28.Na2 Qg5 29.Qc1 Qe7
30.Nb4 Rb6 31.Re1 Ng5 32.f4 Nh7 33.Rh3 Qd7 34.Rg3 f6 35.Re2 Re8 36.Nc6 Ra6
37.Qc3 Ra4 38.Qd3 Rc4 39.Nd4 Rb8 40.b3 Rc5 41.Ne6  1-0

[Event "TCh-BEL 2013-14"]
[Site "Belgium BEL"]
[Date "2013.12.15"]
[Round "6.3"]
[White "Hoffmann,Micha1"]
[Black "Saiboulatov,D"]
[Result "1/2-1/2"]
[WhiteElo "2458"]
[BlackElo "2388"]

1.d4 e6 2.c4 Nf6 3.Nc3 Bb4 4.Qc2 O-O 5.Nf3 c5 6.dxc5 Na6 7.g3 Nxc5 8.Bg2 Nce4
9.O-O Nxc3 10.bxc3 Be7 11.e4 d6 12.e5 dxe5 13.Nxe5 Qc7 14.Qe2 Bd6 15.Bf4 Ne8
16.c5 Qxc5 17.c4 f6 18.Nd3 Qc7 19.c5 Bxf4 20.Nxf4 e5 21.Qc4+ Kh8 22.Nd5 Qf7  1/2-1/2

[Event "Russian Cup Final w 2013"]
[Site "Khanty-Mansiysk RUS"]
[Date "2013.12.16"]
[Round "3.1"]
[White "Schepetkova,M"]
[Black "Bodnaruk,A"]
[Result "1/2-1/2"]
[WhiteElo "2252"]
[BlackElo "2448"]

1.d4 Nf6 2.c4 e6 3.Nc3 Bb4 4.Qc2 O-O 5.e4 d5 6.e5 Ne4 7.Bd3 c5 8.Nf3 cxd4
9.Nxd4 Nd7 10.Bf4 Ndc5 11.O-O Bxc3 12.bxc3 Bd7 13.Be2 Na4 14.cxd5 exd5 15.Bd3 Nac5
16.Be3 Rc8 17.Nb3 Nxd3 18.Qxd3 Nxc3 19.Bc5 Bb5 20.Qxc3 Bxf1 21.Qd4 Bc4 22.Bxf8 Qxf8
23.Qxa7 Bxb3 24.axb3 Qb4 25.Qe3 d4 26.Qe4 Qd2 27.h3 Rc1+ 28.Rxc1 Qxc1+ 29.Kh2 Qc3
30.e6 fxe6 31.Qxe6+ Kf8 32.Qd6+ Kf7 33.Qd7+ Kf6 34.Qd6+ Kf7 35.Qd7+ Kf6 36.Qd6+ Kf7
37.Qd7+ Kf6 38.Qd6+ Kf7 39.Qd7+ Kf6 40.Qd6+  1/2-1/2

[Event "ch-CZE Blitz Prelim 2013"]
[Site "Brno CZE"]
[Date "2013.12.21"]
[Round "8.1"]
[White "Neuman,P"]
[Black "Babula,V"]
[Result "0-1"]
[WhiteElo "2496"]
[BlackElo "2584"]

1.d4 Nf6 2.c4 e6 3.Nc3 Bb4 4.Qc2 O-O 5.a3 Bxc3+ 6.Qxc3 d6 7.f3 d5 8.Bg5 c5
9.cxd5 cxd4 10.Qxd4 Nc6 11.Qh4 exd5 12.Bxf6 gxf6 13.Rd1 Re8 14.e4 Qa5+ 15.Kf2 dxe4
16.Qxf6 e3+ 17.Kg3 Re6  0-1

[Event "St Petersburg Blitz Prelim 2013"]
[Site "St Petersburg RUS"]
[Date "2013.12.22"]
[Round "2.1"]
[White "Aleksandrov,Grigoriy"]
[Black "Alekseev,Evgeny"]
[Result "0-1"]
[WhiteElo "1883"]
[BlackElo "2698"]

1.d4 Nf6 2.c4 e6 3.Nc3 Bb4 4.Qc2 O-O 5.a3 Bxc3+ 6.Qxc3 b6 7.f3 d5 8.Bg5 Bb7
9.e3 Nbd7 10.Bd3 c5 11.Ne2 Rc8 12.cxd5 Nxd5 13.Bxd8 Nxc3 14.bxc3 Rfxd8 15.Kd2 e5
16.Rhc1 Nf6 17.a4 e4 18.fxe4 Nxe4+ 19.Bxe4 Bxe4 20.g3 Rd6 21.a5 Rf6 22.axb6 axb6
23.Rf1 Rxf1 24.Rxf1 Ra8 25.Nc1 f5 26.h4 g6 27.c4 Kg7 28.Kc3 Kh6 29.Nb3 Rc8
30.d5 b5 31.Rf4 bxc4 32.Kxc4 Rd8 33.Nxc5 Bxd5+ 34.Kc3 Rc8 35.Kd4 Bc6 36.Ne6 Re8
37.Ng5 Kg7 38.e4 h6 39.exf5 hxg5 40.hxg5 gxf5 41.Rxf5 Rd8+ 42.Kc5 Be4 43.Re5 Bc2
44.Kc4 Kg6 45.Kc3 Bf5 46.Rc5 Kxg5 47.Rc7 Kg4 48.Rg7+ Kf3 49.Kc4 Ke3 50.g4 Be4
51.g5 Rc8+ 52.Kb5 Kf4 53.g6 Kg5 54.Kb6 Bxg6 55.Rc7 Rd8 56.Kc5 Kf4 57.Rc6 Bf5
58.Rd6 Re8 59.Kd4 Re1 60.Kc3 Ke3 61.Rd8 Rc1+ 62.Kb2 Rc7 63.Re8+ Kd2 64.Rd8+ Bd3
65.Rb8 Rc1 66.Rd8 Rb1+ 67.Ka2 Rb6 68.Rc8 Ke3 69.Ka3 Kd4 70.Ka4 Bc4 71.Ka5 Rb5+
72.Ka4 Kc3 73.Rh8 Rb6 74.Rh3+ Bd3 75.Rh5 Bc4 76.Rh3+ Bd3 77.Rh5 Rb4+ 78.Ka5 Rb8
79.Rg5 Rb2 80.Rh5 Kd4 81.Rg5 Bc4  0-1

[Event "Chinese Teams 2013"]
[Site "Tianjin CHN"]
[Date "2013.12.22"]
[Round "20.5"]
[White "Shen Yang"]
[Black "Gong Qianyun"]
[Result "1-0"]
[WhiteElo "2421"]
[BlackElo "2335"]

1.d4 Nf6 2.c4 e6 3.Nc3 Bb4 4.Qc2 O-O 5.a3 Bxc3+ 6.Qxc3 b5 7.cxb5 c6 8.Bg5 cxb5
9.e3 Bb7 10.Nf3 h6 11.Bh4 a6 12.Bd3 d6 13.O-O Nbd7 14.Qc2 Rc8 15.Qe2 Qb6
16.Nd2 e5 17.dxe5 dxe5 18.Rac1 Qe6 19.Bb1 Rfd8 20.Rxc8 Rxc8 21.Rd1 Nc5 22.f3 g5
23.Be1 Na4 24.Nf1 e4 25.Ng3 Re8 26.Bb4 Qe5 27.Rd2 exf3 28.gxf3 Qxe3+ 29.Qxe3 Rxe3
30.Rd8+ Re8 31.Rd6 Re6 32.Nf5 Rxd6 33.Nxh6+ Kg7 34.Nf5+ Kg8 35.Bxd6 Bxf3
36.Ne7+ Kf8 37.b3 Ne8 38.Ng6+ Kg8 39.Ne7+ Kf8 40.Bb4 a5 41.Ng6+ Kg7 42.Bf8+ Kg8
43.bxa4 fxg6 44.Be7 Kf7 45.Bxg5 bxa4 46.Bd8 Bc6 47.Ba2+ Kg7 48.Bxa5 Nd6 49.Kf2 Kf6
50.Ke3 Ke5 51.Bc7 Bd5 52.Bb1 g5 53.Bd3 Ke6 54.Kd4 Bb3 55.Kc5 Nb7+ 56.Kb4 Nd6
57.Bxd6 Kxd6 58.Bb5 Bd1 59.Bxa4 Bf3 60.Bb5 Bd1 61.Bc4 Ke5 62.Bb3 Bf3 63.Kc5 g4
64.a4 Be4 65.a5 Bf3 66.a6 Be4 67.Ba4  1-0

[Event "4th Max Gutman Memorial"]
[Site "Augsburg GER"]
[Date "2013.12.27"]
[Round "1.4"]
[White "Lipok,C"]
[Black "Arnaudov,G"]
[Result "0-1"]
[WhiteElo "2193"]
[BlackElo "2442"]

1.d4 Nf6 2.c4 e6 3.Nc3 Bb4 4.Qc2 O-O 5.a3 Bxc3+ 6.Qxc3 b5 7.cxb5 c6 8.Bg5 cxb5
9.e3 Bb7 10.Nf3 h6 11.Bh4 g5 12.Bg3 Ne4 13.Qd3 a6 14.Nd2 f5 15.Nxe4 Bxe4
16.Qd2 Nc6 17.Bd6 Na5 18.Qd1 Rf7 19.Bd3 Bxd3 20.Qxd3 Nc4 21.Bb4 Nxb2 22.Qe2 Nc4
23.e4 a5 24.Bc3 d5 25.exf5 exf5 26.O-O Qd6 27.Qh5 Raf8 28.Rae1 Kg7 29.h4 g4
30.f3 Qxa3 31.fxg4 Qxc3 32.gxf5 Qxd4+ 33.Kh1 Rf6 34.Rf3 Ne5 35.Rg3+ Kh7 36.Rxe5 Qxe5
37.Rg6 Qf4 38.g3 Rxf5  0-1

[Event "Maatman-Werle Match 2013"]
[Site "Groningen NED"]
[Date "2013.12.27"]
[Round "1"]
[White "Maatman,Nick"]
[Black "Werle,J"]
[Result "0-1"]
[WhiteElo "2209"]
[BlackElo "2512"]

1.d4 Nf6 2.c4 e6 3.Nc3 Bb4 4.Qc2 O-O 5.Nf3 c5 6.dxc5 Na6 7.g3 Nxc5 8.Bg2 b6
9.O-O Bb7 10.a3 Bxc3 11.Qxc3 Rc8 12.b3 d5 13.Rd1 Qe7 14.Qb2 dxc4 15.bxc4 Rfd8
16.Bf4 h6 17.h3 Ne8 18.Rxd8 Qxd8 19.Rc1 f6 20.Be3 Qd7 21.Nd4 Bxg2 22.Kxg2 Nd6
23.Kh2 e5 24.Nb3 Nxb3 25.Qxb3 Qf7 26.a4 Nxc4 27.Rc3 Qd5 28.Qc2 e4 29.Bf4 a6
30.Qb3 Kh7 31.Rc1 Qc5 32.Be3 Qc6 33.Rd1 b5 34.axb5 axb5 35.Rd4 Ra8 36.Qc2 f5
37.Qd1 Nxe3 38.fxe3 Ra2 39.Qf1 Qe6 40.Kg2 Rb2 41.Kf2 Qa2 42.Rd7 b4 43.Rb7 Rb1
44.Qg2 Qd2  0-1

[Event "6th Marseille Open 2013"]
[Site "Marseille FRA"]
[Date "2013.12.29"]
[Round "7.4"]
[White "Enchev,I"]
[Black "Moncamp,G"]
[Result "1-0"]
[WhiteElo "2447"]
[BlackElo "2172"]

1.d4 Nf6 2.c4 e6 3.Nc3 Bb4 4.Qc2 O-O 5.a3 Bxc3+ 6.Qxc3 b5 7.cxb5 c6 8.f3 cxb5
9.e4 Ba6 10.Bd3 Qb6 11.b4 Rc8 12.Qb2 Nc6 13.Ne2 Bb7 14.Be3 d5 15.Qd2 a6 16.e5 Nd7
17.O-O Ne7 18.Nc1 Nf5 19.Bf2 Qc7 20.g4 Ne7 21.Nb3 Qc3 22.Qe3 Ng6 23.Na5 Qc7
24.f4 Rab8 25.f5 exf5 26.gxf5 Ngxe5 27.dxe5 Qxe5 28.Nxb7 Rxb7 29.Rac1 Rbc7
30.Rxc7 Rxc7 31.Qd4 Rc3 32.Re1 Qxd4 33.Re8+ Nf8 34.Bxd4 Rxd3 35.Bc5  1-0

[Event "6th Marseille Open 2013"]
[Site "Marseille FRA"]
[Date "2013.12.29"]
[Round "8.1"]
[White "Enchev,I"]
[Black "Naumkin,I"]
[Result "1/2-1/2"]
[WhiteElo "2447"]
[BlackElo "2445"]

1.d4 Nf6 2.c4 e6 3.Nc3 Bb4 4.Qc2 O-O 5.a3 Bxc3+ 6.Qxc3 d6 7.f3 c5 8.dxc5 dxc5
9.Bg5 Nbd7 10.e3 Qc7 11.Nh3 b6 12.Be2 Bb7 13.O-O e5 14.Rad1 h6 15.Bh4 Rae8
16.Qc2 Re6 17.Be1 Ne8 18.Bc3 Nd6 19.Rd2 a5 20.Rfd1 f5 21.b4  1/2-1/2

[Event "2nd Gurgaon Open 2014"]
[Site "Gurgaon IND"]
[Date "2014.01.02"]
[Round "3.1"]
[White "Akash Pc,I"]
[Black "Kravtsiv,M"]
[Result "0-1"]
[WhiteElo "2304"]
[BlackElo "2628"]

1.d4 Nf6 2.c4 e6 3.Nc3 Bb4 4.Qc2 O-O 5.a3 Bxc3+ 6.Qxc3 b6 7.Bg5 Bb7 8.e3 d6
9.Ne2 Nbd7 10.Qc2 c5 11.Rd1 Qc8 12.f3 d5 13.cxd5 exd5 14.Nc3 c4 15.b4 Re8
16.Kf2 h6 17.Bh4 Qd8 18.Bxf6 Qxf6 19.Re1 Qe7 20.Qb2 a6 21.a4 f5 22.g3 Nf6
23.Bh3 Bc8 24.Re2 Qd6 25.Qb1 Rd8 26.Bxf5 Bxf5 27.Qxf5 Qxb4 28.Qc2 Rab8 29.Rb1 Qd6
30.Kg2 Kh8 31.Rd2 Qc6 32.Qc1 Re8 33.Rdb2 Re6 34.Re2 Rbe8 35.Kf2 Qd7 36.Qd2 Rf8
37.Kg2 Nh7 38.Rf1 Rfe8 39.Rfe1 Rd6 40.h4 Rf8 41.Rf2 Nf6 42.Rb1 Ng8 43.Qc2 Ne7
44.Re1 Nf5 45.g4 Nxh4+ 46.Kg3 Rdf6 47.Kxh4 Rxf3 48.Rxf3 Rxf3 49.Qg6 Qc7 50.Qe8+ Kh7
51.Rh1 Qg3+  0-1

[Event "2nd Gurgaon Open 2014"]
[Site "Gurgaon IND"]
[Date "2014.01.05"]
[Round "7.1"]
[White "Grover,S"]
[Black "Kravtsiv,M"]
[Result "1/2-1/2"]
[WhiteElo "2478"]
[BlackElo "2628"]

1.d4 Nf6 2.c4 e6 3.Nc3 Bb4 4.Qc2 O-O 5.Nf3 d5 6.e3 c5 7.a3 Bxc3+ 8.bxc3 b6
9.cxd5 exd5 10.c4 Nbd7 11.Bb2 Bb7 12.dxc5 Rc8 13.c6 Bxc6 14.cxd5 Bxd5 15.Qd2 Qe7
16.Be2 Nc5 17.Qb4 Be4 18.O-O Rfd8 19.Rad1 Nd5 20.Qd4 f6 21.Nd2 Bc2 22.Bc4 Ne6
23.Bxd5 Kh8 24.Bxe6 Qxe6 25.Qb4 a5 26.Qb5 Rd5 27.Qe2 Rcd8 28.h3 Rd3 29.Rfe1 h6
30.Kf1 Qf5 31.Kg1 Qe6 32.Kf1 Qf5 33.Kg1 Qe6 34.Kf1  1/2-1/2